000 00620nam a2200157Ia 4500
999 _c13979
_d13979
003 OSt
005 20260314162058.0
008 260210s9999 xx 000 0 und d
020 _a9780727765826
082 _a690.22 CAR
100 _aJohn Carpenter
245 0 _aDesigning a Safer Built Environment: A Complete Guide to the Management of Design Risk
260 _bEmerald Publishing
500 _aThe book focuses on design risk management, construction safety, and regulatory responsibilities in building projects, which places it under construction safety and management in building engineering.
942 _cRD
_2ddc